Statistiken für Größte Länder der Welt nach vorkommenden Buchstaben

Klicken Sie hier um das Quiz zu spielen!

Allgemein

  • Dieses Quiz wurde 580 mal gespielt
  • Das Durchschnittsergebnis liegt bei 30 aus 52

Antwortstatistiken

Buchstaben (Top 5)FlächeLand% Korrekt
A, C, H, I, N9.596.960 km²China
97%
A, D, L, N, S, R, U17.098.242 km²Russland
94%
A, E, G, I, N, R, S, T, V9.833.517 km²Vereinigte Staaten
94%
A, B, E, I, L, N, R, S8.515.770 km²Brasilien
93%
A, D, K, N9.984.670 km²Kanada
93%
E, I, L, R, S, T, U7.741.220 km²Australien
92%
E, G, R, T2.780.400 km²Argentinien
86%
D, E, I3.287.263 km²Indien
86%
K, M, O, X1.964.375 km²Mexiko
84%
C, H, K, S, T2.724.900 km²Kasachstan
83%
G, L2.381.740 km²Algerien
79%
F551.500 km²Frankreich
79%
B, C, D, G, H, K, L, M, O, P, T, U2.344.858 km²D.R. Kongo
78%
O1.904.569 km²Indonesien
77%
G, M, O1.564.116 km²Mongolei
74%
B, D, U2.149.690 km²Saudi-Arabien
73%
J377.915 km²Japan
69%
P1.285.216 km²Peru
66%
P, Y1.001.450 km²Ägypten
64%
F, K1.219.090 km²Südafrika
64%
B, M1.138.910 km²Kolumbien
63%
P796.095 km²Pakistan
63%
C756.102 km²Chile
62%
U1.861.484 km²Sudan
62%
J527.968 km²Jemen
61%
B, Y1.759.540 km²Libyen
61%
V, Z912.050 km²Venezuela
58%
C, H1.284.000 km²Tschad
57%
F338.145 km²Finnland
56%
W450.295 km²Schweden
53%
M1.240.192 km²Mali
52%
V1.098.581 km²Bolivien
51%
H, P1.104.300 km²Äthiopien
49%
F652.230 km²Afghanistan
48%
J89.342 km²Jordanien
46%
W323.802 km²Norwegen
46%
W207.600 km²Weißrussland
46%
O1.246.700 km²Angola
45%
V331.210 km²Vietnam
45%
Y676.578 km²Myanmar
41%
Y329.847 km²Malaysia
38%
Y406.752 km²Paraguay
32%
F, Z622.984 km²Zentralafr. R.
32%
J10.991 km²Jamaika
28%
Q28.051 km²Äquatorialguinea
27%
V243.610 km²V. Königreich
26%
W581.730 km²Botswana
23%
X2.586 km²Luxemburg
23%
W390.757 km²Simbabwe
22%
Z41.277 km²Schweiz
14%
Z25.713 km²Nordmazedonien
8%
Z22.966 km²Belize
4%

Verteilung der Resultate

Perzentil nach korrekt beantworteten Fragen

Anzahl Personen mit jedem Resultat

Ihre Resultats-Entwicklung

Sie haben dieses Quiz noch nicht gespielt